000 00641nam a2200193 i 4500
001 182999
003 ES-MaACL
005 20251011063200.0
008 140110s2013 sp a | |||||||| | spa d
020 _a978-84-92497-50-8
100 1 _aNegrete Alcudia, Juan Antonio,
_d1969-
_9154116
245 1 0 _aDiálogos de educación /
_cJuan Antonio Negrete Alcudia.
260 _aMorata de Tajuña :
_bManuscritos,
_cimp. 2013.
300 _a241 p. :
_bil. ;
_c23 cm.
650 7 _aEducación
_2embne
_912073
852 _aES-MaACL
_jA-12950
_9189932
_bR.149831
_cDEPO1
_dOlim: N-5950
942 _2udc
_cMONOGRAFIA
999 _c182999
_d182999